[Event "11th Monarch Assurance"]
[Site "Port Erin IOM"]
[Date "2002.10.06"]
[Round "9"]
[White "Palus,R"]
[Black "Brady,S"]
[Result "0-1"]
[WhiteElo "2232"]
[BlackElo "2353"]

1.d4 Nf6 2.c4 e6 3.Nf3 b6 4.a3 Ba6 5.Qc2 Bb7 6.Nc3 c5 7.dxc5 Bxc5 8.Bf4 O-O
9.e3 Be7 10.Be2 d6 11.h3 a6 12.O-O Qc7 13.Rfd1 Rd8 14.Rd2 Nbd7 15.Rad1 Nc5
16.Rc1 Rd7 17.Rdd1 Rc8 18.Nd2 Rdd8 19.e4 Ncd7 20.Qd3 Ne5 21.Qg3 Bc6 22.Nd5 Bxd5
23.cxd5 Qxc1 24.Rxc1 Rxc1+ 25.Nf1 Re1 26.Bxa6 Rxe4 27.Bd2 Nxd5 28.f4 Ng6
29.Qd3 f5 30.g3 Nc7 31.Bb7 d5 32.b4 Rb8 33.Bc6 Rc4 34.Bd7 Nf8 35.Ne3 Re4
36.Bc6 Bf6 37.a4 Bd4 38.Qb3 Ne8 39.Kf1 Nd6 40.Nc2 Nc4 41.Bc1 Bb2  0-1

[Event "FSIMB Oct"]
[Site "Budapest HUN"]
[Date "2002.10.11"]
[Round "7"]
[White "Alfred,N"]
[Black "Farago,S"]
[Result "1-0"]
[WhiteElo "2251"]
[BlackElo "2299"]

1.d4 Nf6 2.c4 e6 3.Nf3 b6 4.a3 Bb7 5.Nc3 Be7 6.Qc2 c5 7.e4 cxd4 8.Nxd4 d6
9.Be2 O-O 10.O-O a6 11.Be3 Nbd7 12.f4 Qc7 13.Rac1 Rac8 14.g4 Nc5 15.Bf3 e5
16.fxe5 dxe5 17.Nf5 g6 18.Nxe7+ Qxe7 19.g5 Nfd7 20.Nd5 Qe8 21.b4 Ne6 22.Qd2 Rc6
23.Bg4 Qd8 24.Rf3 Nd4 25.Bxd4 exd4 26.Bxd7 Qxd7 27.Qxd4 Qd8 28.Nf6+ Rxf6
29.Qxd8 Rxd8 30.Rxf6 Bxe4 31.Rxb6 Rd2 32.c5 Rg2+ 33.Kf1 Rxh2 34.Rc3 Rh1+
35.Kf2 Rh2+ 36.Ke3 Bf5 37.c6 Rh3+ 38.Kd4 Rh4+ 39.Kc5 Rh5 40.Rb8+ Kg7 41.Kb6 Rxg5
42.c7 h5 43.Rc5  1-0

[Event "1st Milk Masters"]
[Site "Selfoss ISL"]
[Date "2002.10.11"]
[Round "4"]
[White "Olafsson,H"]
[Black "Hracek,Z"]
[Result "0-1"]
[WhiteElo "2476"]
[BlackElo "2607"]

1.Nf3 Nf6 2.c4 b6 3.d4 e6 4.a3 Ba6 5.Qc2 Bb7 6.Nc3 c5 7.e4 cxd4 8.Nxd4 Bc5
9.Nb3 Nc6 10.Bg5 h6 11.Bh4 Nd4 12.Nxd4 Bxd4 13.Bd3 Be5 14.Bg3 Qb8 15.O-O Bxg3
16.hxg3 h5 17.Rad1 h4 18.gxh4 Rxh4 19.g3 Rg4 20.Kg2 Ke7 21.Rfe1 Qc7 22.Re3 Rh8
23.Be2 Rg6 24.Bf3 Rgh6 25.Qd3 g5 26.Nb5 Qc5 27.Kf1 g4 28.Bg2 Rh2 29.Qd6+ Qxd6
30.Nxd6 Bc6 31.b4 Ne8 32.Nc8+ Kd8 33.Nxa7 Bb7 34.Nb5 f5 35.Rd2 e5 36.Red3 R8h7
37.Kg1 Rxg2+ 38.Kxg2 Bxe4+ 39.Kf1 Bf3 40.Rxf3 gxf3 41.Kg1 Nf6 42.Nd6 f4 43.gxf4 Rg7+
44.Kh1 Rh7+ 45.Kg1 Rg7+ 46.Kh1 e4 47.Nf5 Rh7+ 48.Kg1 Nh5 49.Rd1 Nxf4 50.Ng3 Rg7
51.Kh2 e3 52.fxe3 Rh7+ 53.Kg1 Nh3+ 54.Kf1 Rg7 55.Ne2 Rg2  0-1

[Event "TCh-BEL 2001-2"]
[Site "Belgium BEL"]
[Date "2002.10.12"]
[Round "7"]
[White "De Haan,E"]
[Black "Cekro,E"]
[Result "0-1"]
[WhiteElo "2242"]
[BlackElo "2419"]

1.d4 Nf6 2.c4 e6 3.Nf3 b6 4.a3 Ba6 5.Qc2 Bb7 6.Nc3 c5 7.e4 cxd4 8.Nxd4 d6
9.Be2 Nbd7 10.Be3 a6 11.O-O Qc7 12.f3 Be7 13.Rfd1 O-O 14.Bf1 Rac8 15.Rac1 Rfe8
16.Qf2 Qb8 17.a4 Ne5 18.b3 Nfd7 19.Be2 Bf6 20.f4 Ng6 21.b4 Red8 22.f5 Ngf8
23.g4 Be5 24.Rf1 Nf6 25.fxe6 Nxe6 26.Nxe6 fxe6 27.g5 Nxe4 28.Nxe4 Bxe4 29.Qf7+ Kh8
30.Qxe6 d5 31.Qh3 d4 32.Bf2 d3 33.Bg4 d2 34.Rcd1 Rxc4 35.Be3 Rc3 36.Bf5 Bxf5
37.Rxf5 Bd4 38.Rf3 Rxe3 39.Rxe3 Qf4  0-1

[Event "TCh-SWE"]
[Site "Helsingborg SWE"]
[Date "2002.10.13"]
[Round "3"]
[White "Dzevlan,M"]
[Black "Schneider,LA"]
[Result "1-0"]
[WhiteElo "2379"]
[BlackElo "2385"]

1.d4 Nf6 2.c4 e6 3.Nf3 b6 4.a3 Bb7 5.Nc3 d5 6.Bg5 Be7 7.Qa4+ c6 8.Bxf6 Bxf6
9.cxd5 exd5 10.g3 O-O 11.Bg2 Nd7 12.O-O Re8 13.Rad1 g6 14.Rfe1 Bg7 15.e3 Nf6
16.b4 Qd6 17.Qb3 Rad8 18.Ne5 Qe6 19.Rc1 Ba8 20.Nd3 Ne4 21.Nf4 Qe7 22.Nxe4 dxe4
23.Rc2 Bf8 24.Rec1 a5 25.bxa5 bxa5 26.Rc3 Rb8 27.Qa4 Qg5 28.Bf1 Qf5 29.Qc2 Rb6
30.Bh3 Qb5 31.Bd7 Rd8 32.a4 Qb2 33.Qxb2 Rxb2 34.Bxc6 Bxc6 35.Rxc6 Ra2 36.R1c4 Rb8
37.Nd5 Rb1+ 38.Kg2 Rbb2 39.Rf6 Rb7 40.g4 Kg7 41.g5 Bb4 42.Rc8 Be1 43.Nc7 h6
44.h4 hxg5 45.hxg5 Rxa4 46.Ne8+ Kh7 47.Rf4  1-0

[Event "TCh-BEL 2001-2"]
[Site "Belgium BEL"]
[Date "2002.10.14"]
[Round "9"]
[White "Goormachtigh,J"]
[Black "Pira,D"]
[Result "0-1"]
[WhiteElo "2284"]
[BlackElo "2431"]

1.d4 Nf6 2.c4 e6 3.Nf3 b6 4.a3 Ba6 5.Qc2 Bb7 6.Nc3 c5 7.e4 cxd4 8.Nxd4 Bc5
9.Nb3 Nc6 10.Nxc5 bxc5 11.Be3 Nd4 12.Bxd4 cxd4 13.Nb5 Qb8 14.Bd3 O-O 15.Nxd4 d5
16.exd5 exd5 17.c5 Re8+ 18.Kf1 Qf4 19.Ne2 Qh4 20.Rd1 Ng4 21.Nd4 Qf6 22.Nf3 d4
23.Bxh7+ Kh8 24.Bf5 d3 25.Bxd3 Bxf3 26.gxf3 Qxf3 27.Kg1 Rad8 28.h3 Nxf2 29.Qxf2 Qxd1+
30.Bf1 Kg8 31.Rh2 Re1 32.Rg2 Qc1  0-1

[Event "Essent Open"]
[Site "Hoogeveen NED"]
[Date "2002.10.17"]
[Round "7"]
[White "Riazantsev,A"]
[Black "Brodsky,M"]
[Result "1/2-1/2"]
[WhiteElo "2543"]
[BlackElo "2547"]

1.d4 Nf6 2.c4 e6 3.Nf3 b6 4.a3 Bb7 5.Nc3 d5 6.Bg5 Be7 7.Bxf6 Bxf6 8.cxd5 exd5
9.Qb3 O-O 10.Rd1 Re8 11.e3 c6 12.Bd3 Ba6 13.O-O Bxd3 14.Rxd3 Na6 15.Rc1 Qd7
16.Rd2 Qb7 17.Ne2 Rac8 18.Nf4 Nb8 19.Rdc2 Be7 20.Nd3 Bd6 21.Nfe5 Red8 22.g3 Rc7
23.Qa4 c5 24.dxc5 bxc5 25.Nxc5 Rxc5 26.Rxc5 Bxe5 27.Qb5 Qxb5 28.Rxb5 Bf6
29.Rd1 d4 30.exd4 Nc6 31.d5 Nd4 32.Rb4 Rxd5 33.Rb8+  1/2-1/2

[Event "Essent Open"]
[Site "Hoogeveen NED"]
[Date "2002.10.19"]
[Round "9"]
[White "Grooten,H"]
[Black "Cako,L"]
[Result "1-0"]
[WhiteElo "2379"]
[BlackElo "2115"]

1.d4 Nf6 2.c4 e6 3.Nf3 b6 4.a3 Bb7 5.Nc3 d5 6.cxd5 Nxd5 7.Qc2 Nd7 8.e4 Nxc3
9.bxc3 c5 10.Bd3 Be7 11.O-O O-O 12.Bf4 cxd4 13.cxd4 Rc8 14.Qb3 Nf6 15.Rfe1 Nh5
16.Bd2 Nf6 17.a4 a6 18.Rab1 Nd7 19.Bf4 a5 20.Rbd1 Bb4 21.Bd2 Bd6 22.Bb5 Bc6
23.Rc1 Nb8 24.Bg5 Qd7 25.Rxc6 Nxc6 26.d5 exd5 27.exd5 Bxh2+ 28.Kxh2 Qd6+
29.Kg1 Qb4 30.Qe3 h6 31.Bh4  1-0

[Event "10th Chigorin Mem"]
[Site "St Petersburg RUS"]
[Date "2002.10.25"]
[Round "1"]
[White "Eljanov,P"]
[Black "Gavrilov,Al"]
[Result "1-0"]
[WhiteElo "2568"]
[BlackElo "2455"]

1.d4 Nf6 2.Nf3 e6 3.c4 b6 4.a3 Bb7 5.Nc3 d5 6.cxd5 Nxd5 7.e3 Be7 8.Bb5+ c6
9.Bd3 c5 10.Nxd5 exd5 11.b3 O-O 12.Bb2 Nd7 13.O-O Nf6 14.Qe2 Bd6 15.Rfd1 Qe7
16.Nh4 Bc8 17.Nf5 Bxf5 18.Bxf5 cxd4 19.Bxd4 Be5 20.Qb2 Bxd4 21.Qxd4 Rfd8
22.b4 Ne4 23.Rac1 g6 24.Bh3 a5 25.Qxb6 Qh4 26.Rc2 Ng5 27.Qd4 Nxh3+ 28.gxh3 Qxh3
29.b5 Rab8 30.Rc5 h5 31.Qf4 Rbc8 32.Rc6 Rxc6 33.bxc6 Rc8 34.Rc1 Qe6 35.c7 Qe7
36.a4 Kf8 37.Qd4 Ke8 38.Qxd5 Rxc7 39.Qb5+  1-0

[Event "10th Chigorin Mem"]
[Site "St Petersburg RUS"]
[Date "2002.10.25"]
[Round "1"]
[White "Kornev,Alexe"]
[Black "Obukhov,A"]
[Result "1-0"]
[WhiteElo "2566"]
[BlackElo "2453"]

1.d4 Nf6 2.c4 e6 3.Nf3 b6 4.a3 c5 5.d5 exd5 6.cxd5 d6 7.e4 a6 8.Nc3 Bg4 9.Be2 Bxf3
10.Bxf3 Nbd7 11.O-O Be7 12.a4 O-O 13.Be2 Ne8 14.f4 Bf6 15.Be3 Nc7 16.Bg4 Re8
17.e5 dxe5 18.d6 Ne6 19.Bxe6 fxe6 20.f5 Bg5 21.Bxg5 Qxg5 22.Qd3 Qg4 23.fxe6 Rxe6
24.Ne4 h6 25.Qd5 Re8 26.Rf3 Kh8 27.h3 Qh5 28.Raf1 Qg6 29.Qc6 Nf6 30.Nxf6 gxf6
31.Rxf6  1-0

[Event "10th Chigorin Mem"]
[Site "St Petersburg RUS"]
[Date "2002.10.26"]
[Round "2"]
[White "Najer,E"]
[Black "Grigoriants,S RUS"]
[Result "1/2-1/2"]
[WhiteElo "2579"]
[BlackElo "2479"]

1.d4 Nf6 2.c4 e6 3.Nf3 b6 4.a3 Ba6 5.Qc2 Bb7 6.Nc3 c5 7.e4 cxd4 8.Nxd4 d6
9.Be2 Be7 10.Be3 Nbd7 11.O-O O-O 12.Kh1 Rc8 13.f4 Re8 14.Rad1 Qc7 15.Qb1 Qb8
16.f5 Bf8  1/2-1/2

[Event "6th OIBM"]
[Site "Bad Wiessee GER"]
[Date "2002.10.27"]
[Round "2"]
[White "Jaeschke,B"]
[Black "Shabalov,A"]
[Result "0-1"]
[WhiteElo "2211"]
[BlackElo "2621"]

1.d4 Nf6 2.c4 e6 3.Nf3 b6 4.a3 d5 5.e3 Bb7 6.b3 Bd6 7.Bb2 O-O 8.Be2 Nbd7
9.O-O Qe7 10.Ne5 Rfd8 11.Nd2 c5 12.Qe1 Rac8 13.f4 Ne8 14.Qg3 f6 15.Nef3 Bb8
16.Bd3 Nd6 17.Qh3 Nf8 18.Rad1 Ne4 19.Nh4 Nxd2 20.Rxd2 b5 21.Rc2 bxc4 22.bxc4 Ba6
23.dxc5 dxc4 24.Bxc4 Rxc5 25.Rfc1 Rxc4  0-1

[Event "Olympiad"]
[Site "Bled SLO"]
[Date "2002.10.27"]
[Round "2"]
[White "Soln,P"]
[Black "Kurajica,B"]
[Result "0-1"]
[WhiteElo "2405"]
[BlackElo "2548"]

1.d4 Nf6 2.c4 e6 3.Nf3 b6 4.a3 Ne4 5.Nfd2 Nxd2 6.Bxd2 d5 7.Nc3 dxc4 8.Bf4 Bd6
9.Bg3 O-O 10.e4 Nc6 11.Bxc4 Bxg3 12.hxg3 Qxd4 13.Qh5 h6 14.Be2 Bb7 15.Rd1 Qf6
16.Rd7 Rac8 17.f4 Rfd8 18.e5 Qg6 19.Rxd8+ Rxd8 20.Qh4 Qc2 21.O-O Qxb2 22.Bf3 Qxc3
23.Bxc6 Qd4+  0-1

[Event "Open"]
[Site "Le Touquet FRA"]
[Date "2002.10.27"]
[Round "1"]
[White "Chiu,A"]
[Black "Hareux,H"]
[Result "0-1"]
[WhiteElo "2171"]
[BlackElo "2241"]

1.d4 e6 2.c4 Nf6 3.Nf3 b6 4.a3 Bb7 5.Nc3 d5 6.e3 Be7 7.Bd3 O-O 8.O-O Nbd7
9.Qe2 c5 10.Rd1 cxd4 11.Nxd4 Ne5 12.cxd5 Nxd3 13.Qxd3 Nxd5 14.Bd2 Nxc3 15.Bxc3 Qd5
16.Nf3 Qh5 17.Qd7 Bxf3 18.gxf3 Bf6 19.Bxf6 Qg6+ 20.Bg5 Qxg5+ 21.Kh1 Qf6 22.Rg1 Qxf3+
23.Rg2 Rfd8 24.Qb5 Rd1+ 25.Rxd1 Qxd1+ 26.Rg1 Qf3+ 27.Rg2 Rd8 28.h4 Qh3+  0-1

[Event "Olympiad"]
[Site "Bled SLO"]
[Date "2002.10.28"]
[Round "3"]
[White "Atalik,S"]
[Black "Zarnicki,P"]
[Result "1-0"]
[WhiteElo "2575"]
[BlackElo "2499"]

1.d4 Nf6 2.c4 e6 3.Nf3 b6 4.a3 Bb7 5.Nc3 d5 6.cxd5 exd5 7.g3 Bd6 8.Bg5 O-O
9.Bh3 c6 10.O-O Na6 11.Ne5 Re8 12.f4 c5 13.e3 Be7 14.Bf5 g6 15.Bd3 cxd4 16.exd4 Ne4
17.Nxe4 dxe4 18.Bc4 Rf8 19.Bxe7 Qxe7 20.f5 b5 21.Ba2 Qg5 22.Nxf7 Rxf7 23.fxg6 hxg6
24.Qb3 Kh8 25.Qxf7  1-0

[Event "Olympiad"]
[Site "Bled SLO"]
[Date "2002.10.28"]
[Round "3"]
[White "Arab,A"]
[Black "Karttunen,M"]
[Result "1-0"]
[WhiteElo "2227"]
[BlackElo "2413"]

1.d4 Nf6 2.c4 e6 3.Nf3 b6 4.a3 d5 5.Nc3 Be7 6.Bg5 Bb7 7.Bxf6 Bxf6 8.cxd5 exd5
9.e3 O-O 10.Bd3 Re8 11.O-O g6 12.Rc1 a6 13.b4 c6 14.Qb3 Nd7 15.e4 Nf8 16.e5 Bg7
17.a4 Ne6 18.a5 b5 19.Ne2 f6 20.Qc3 Rc8 21.exf6 Qxf6 22.Rcd1 Rc7 23.Rfe1 Rf8
24.Qd2 Bc8 25.Rc1 Nd8 26.Ng3 Nf7 27.Rc2 Qd6 28.Qc3 Nd8 29.Ne5 Ne6 30.h4 Rf4
31.Ne2 Rxh4 32.Nf3 Rg4 33.Rcc1 Qf8 34.Bb1 Bd7 35.Rcd1 Qd6 36.Nh2 Rh4 37.Nf3 Rh5
38.Ng3 Rh6 39.Bc2 Rc8 40.Qd2 Rf8 41.Qe3 Rxf3 42.Qxf3 Nxd4 43.Qd3 Rh4 44.Bb1 Qxb4
45.Qe3 Bf6 46.Nf1 c5 47.Qg3 Qxa5 48.Qd6 Qd8 49.Qxd5+ Kg7 50.Qxc5 Bg4 51.Rd3 Bf5
52.Rde3 Bxb1 53.Re8 Qxe8 54.Rxe8 g5 55.Ng3 Ba2 56.Ra8 Bf7 57.Qf8+ Kg6 58.Rxa6 Ne6
59.Qc8 Nd4 60.Qc3 Bc4 61.Qe3 Rf4 62.f3 Nc2 63.Qd2 Nd4 64.Ne4 Ne6 65.Nxf6 Rxf6
66.Qc2+ Kh6 67.Ra7 Rg6 68.g4 Rg7 69.Qh2+ Kg6 70.Qh5+ Kf6 71.Qh6+ Rg6 72.Qxh7 Ng7
73.Qh8 Bf7 74.Qd8+  1-0

[Event "Olympiad"]
[Site "Bled SLO"]
[Date "2002.10.28"]
[Round "3"]
[White "Michel Yunis,C"]
[Black "Nguyen Anh Dung"]
[Result "0-1"]
[WhiteElo "2326"]
[BlackElo "2540"]

1.d4 Nf6 2.Nf3 b6 3.c4 e6 4.a3 Bb7 5.Nc3 d5 6.Bg5 Be7 7.Qa4+ Bc6 8.Qc2 dxc4
9.e3 h6 10.Bxf6 Bxf6 11.Bxc4 O-O 12.O-O Bxf3 13.gxf3 Nd7 14.Rfd1 Be7 15.Qe4 Bd6
16.f4 Qh4 17.Qg2 Kh8 18.Qg3 Qe7 19.Kh1 Rg8 20.Rg1 c5 21.dxc5 Nxc5 22.Rad1 Rad8
23.b4 Nd7 24.Ne4 Nf6 25.Qg2 Nxe4 26.Qxe4 Qh4 27.Rg3 Qf6 28.Bd3 g6 29.Bb5 Be7
30.Rgg1 Qh4 31.Qf3 Bf6 32.Be2 Bg7 33.Rxd8 Rxd8 34.Rd1 Bf8 35.Rxd8 Qxd8 36.Qb7 Kg7
37.Qxa7 Qd2 38.Qa6 Be7 39.Kg2 Bh4 40.Qd3 Qe1 41.Bd1 Bxf2 42.e4 Qg1+ 43.Kh3 Be3
44.f5 Bf4 45.Qe2 e5 46.fxg6 fxg6 47.a4 h5 48.a5 g5 49.Qxh5 Qf1+  0-1

[Event "Olympiad w"]
[Site "Bled SLO"]
[Date "2002.10.28"]
[Round "3"]
[White "Baginskaite,C"]
[Black "Ioseliani,N"]
[Result "1/2-1/2"]
[WhiteElo "2365"]
[BlackElo "2491"]

1.d4 Nf6 2.c4 e6 3.Nf3 b6 4.a3 Ba6 5.Qc2 Bb7 6.Nc3 c5 7.e4 cxd4 8.Nxd4 Nc6
9.Nxc6 Bxc6 10.Be2 Qb8 11.Bg5 Bd6 12.Bxf6 gxf6 13.O-O-O Be5 14.Bd3 Qc7 15.g3 O-O-O
16.f4 Bd4 17.Rhf1 Kb8 18.Kb1 h5 19.b4 f5 20.exf5 h4 21.g4 h3 22.Nb5 Bxb5
23.cxb5 Rc8 24.Qxc7+ Rxc7 25.Rc1 Rxc1+ 26.Kxc1 Rh4 27.fxe6 dxe6 28.Be2 f5
29.gxf5 Be3+ 30.Kc2 exf5 31.Bd3 Bxf4  1/2-1/2

[Event "Olympiad"]
[Site "Bled SLO"]
[Date "2002.10.30"]
[Round "5"]
[White "Michel Yunis,C"]
[Black "Conquest,S"]
[Result "0-1"]
[WhiteElo "2326"]
[BlackElo "2537"]

1.d4 Nf6 2.Nf3 e6 3.c4 b6 4.a3 c5 5.d5 Ba6 6.b3 exd5 7.cxd5 g6 8.Bb2 Bg7
9.Nc3 O-O 10.Qc2 d6 11.e3 Bxf1 12.Kxf1 Nbd7 13.g3 a6 14.Kg2 b5 15.e4 Qc7
16.h3 Rfc8 17.Rhe1 Rab8 18.Rac1 Qb7 19.Nd1 Re8 20.Nc3 Nb6 21.Ra1 Rbc8 22.Nd2 Rc7
23.Rec1 h5 24.a4 b4 25.Nd1 a5 26.Ne3 Rce7 27.Bxf6 Bxf6 28.Ra2 Qd7 29.Nec4 Nxc4
30.Nxc4 Rxe4 31.Nxa5 h4 32.Nc4 hxg3 33.fxg3 Bd4 34.Qd3 Kg7 35.Qf3 R8e7 36.Rcc2 Re1
37.Re2 Rg1+ 38.Kh2 Rc1 39.Rxe7 Qxe7 40.Re2 Qd7 41.Qg4 Qxg4 42.hxg4 Rb1 43.Ra2 Rxb3
44.a5 Rc3 45.a6 b3  0-1

[Event "Olympiad"]
[Site "Bled SLO"]
[Date "2002.10.30"]
[Round "5"]
[White "Atalik,S"]
[Black "Macieja,B"]
[Result "1/2-1/2"]
[WhiteElo "2575"]
[BlackElo "2615"]

1.d4 Nf6 2.c4 e6 3.Nf3 b6 4.a3 Bb7 5.Nc3 d5 6.Bg5 Be7 7.Rc1 O-O 8.e3 Nbd7
9.cxd5 exd5 10.Bb5 a6 11.Ba4 Rc8 12.O-O c5 13.Ne5 b5 14.Nxd7 Qxd7 15.Bc2 Ne4
16.Bxe7 Qxe7 17.Ne2 c4 18.Qe1 Rfe8 19.Qb4 Nf6 20.Bf5 Ra8 21.Nc3 Bc6 22.Qa5 Qd8
23.Qxd8 Rexd8 24.b4 a5 25.Ra1 Ra7 26.bxa5 Rxa5 27.Ra2 Rda8 28.Rfa1 g6 29.Bc2 Ne8
30.g4 Nd6 31.f3 Re8 32.Kf2 Ra7 33.h4 Kg7 34.Rb1 Rea8 35.Rba1 Re8 36.Rb1 Rea8
37.Rba1  1/2-1/2

[Event "Olympiad"]
[Site "Bled SLO"]
[Date "2002.10.31"]
[Round "6"]
[White "Atalik,S"]
[Black "Grischuk,A"]
[Result "0-1"]
[WhiteElo "2575"]
[BlackElo "2702"]

1.d4 Nf6 2.c4 e6 3.Nf3 b6 4.a3 Bb7 5.Nc3 d5 6.Bg5 Be7 7.Rc1 O-O 8.e3 Nbd7
9.cxd5 exd5 10.Bd3 c5 11.O-O Ne4 12.Bxe7 Qxe7 13.dxc5 bxc5 14.Qe2 Rab8 15.Bxe4 dxe4
16.Nd2 f5 17.f3 Qe6 18.b4 exf3 19.Nxf3 Kh8 20.b5 Rbe8 21.Na4 f4 22.Nxc5 Nxc5
23.Rxc5 fxe3 24.Rc3 Bxf3 25.gxf3 Qe5 26.Rfc1 h6 27.Kh1 Rf5 28.a4 Re7 29.Rd3 Qf4
30.Rb1 Kh7 31.a5 Qc4 32.b6 Rxa5 33.Rxe3 Qxe2 34.Rxe2 Rxe2 35.b7 Re8 36.b8=Q Rxb8
37.Rxb8 Ra2 38.f4 Kg6 39.Rf8 a5 40.f5+ Kg5 41.Rf7 a4 42.h4+ Kg4 43.Rxg7+ Kxf5
44.h5 Kf4 45.Kg1 a3 46.Ra7 Ke4 47.Ra8 Kd4 48.Rd8+ Kc3 49.Rc8+ Kd2 50.Ra8 Kc1
51.Ra6 Kb1 52.Kf1 Kc2 53.Kg2 Kb3+ 54.Kg3 Ra1 55.Rxh6 Rg1+ 56.Kf4 a2 57.Ra6 Rc1
58.Ra8 Rc4+ 59.Kg5 Ra4 60.Rb8+ Ka3  0-1

[Event "10th Chigorin Mem B"]
[Site "St Petersburg RUS"]
[Date "2002.10.31"]
[Round "6"]
[White "Shvedov,S"]
[Black "Lazhevsky,G"]
[Result "0-1"]
[WhiteElo "2351"]
[BlackElo "2201"]

1.d4 Nf6 2.Nf3 e6 3.c4 b6 4.a3 Bb7 5.Nc3 Be7 6.d5 O-O 7.e4 exd5 8.cxd5 Re8
9.Bd3 Bd6 10.O-O c6 11.Bg5 h6 12.Bh4 Na6 13.b4 Nc7 14.Re1 g5 15.e5 gxh4 16.exd6 Ncxd5
17.Nxd5 cxd5 18.Ne5 Qb8 19.Qf3 Qxd6 20.Ng4 Kg7 21.Qf5 Rg8 22.Nxf6 Qxf6 23.Qxd7 Bc6
24.Qh3 Rae8 25.b5 Ba8 26.Rad1 d4 27.Bf1 Rxe1 28.Rxe1 Kh8 29.Qd3 Qf4 30.Rd1 Bxg2
31.Bxg2 Qg4 32.Qxd4+ Qxd4 33.Rxd4 h3 34.Rh4 Rxg2+ 35.Kh1 Kg7 36.Rxh3 Rxf2
37.Rc3 Ra2 38.Kg1 Kg6 39.h3 f5 40.Kf1 Kg5 41.Kg1 Kf4 42.Kf1 Ke4 43.Rc4+ Kf3
44.Rc3+ Kf4 45.Rc4+ Kg3 46.Rc3+ Kh4 47.Rf3 Kg5 48.Rg3+ Kf4 49.Rc3 h5 50.Rc4+ Kg3
51.Rc3+ Kh4 52.Rf3 Kg5 53.Rg3+ Kf4 54.Rc3 Rb2 55.Rc4+ Kg3 56.Rc3+ Kh4 57.a4 Ra2
58.Rf3 Kg5 59.Rb3 Rxa4 60.Kf2 Kf4 61.Rf3+ Ke5 62.Rb3 f4 63.Kf3 Ra5 64.Rb4 Ra3+
65.Kg2 Rg3+ 66.Kh2 Rg7 67.Rc4 f3 68.Rc8 Rf7 69.Kg1 f2+ 70.Kf1 Kd4 71.Rc2 Rf5
72.Ra2 Kc4 73.Rxa7 Kxb5 74.h4 Kc4 75.Rc7+ Kb3 76.Rg7 Kc4 77.Rc7+ Kd4 78.Rd7+ Ke3
79.Re7+ Kf3 80.Rb7 Rd5 81.Rf7+ Kg3 82.Rg7+ Kxh4 83.Kxf2 Rg5 84.Rd7 Kh3 85.Rd3+ Kh2
86.Rb3 b5 87.Rb4 Rf5+ 88.Ke3 Kg3  0-1

[Event "Olympiad"]
[Site "Bled SLO"]
[Date "2002.11.02"]
[Round "8"]
[White "Lputian,S"]
[Black "Hracek,Z"]
[Result "1/2-1/2"]
[WhiteElo "2627"]
[BlackElo "2607"]

1.d4 Nf6 2.c4 e6 3.Nf3 b6 4.a3 Bb7 5.Nc3 d5 6.cxd5 Nxd5 7.Bd2 Nd7 8.Nxd5 exd5
9.g3 Bd6 10.Bg5 Be7 11.Bxe7 Qxe7 12.Bh3 O-O 13.Rc1 c6 14.O-O Nf6 15.e3 c5
16.a4 Bc8 17.Bg2 Bf5 18.Ne5 h6 19.Qb3 Qe6 20.Qb5 Rfc8 21.b3 a6 22.Qe2 cxd4
23.exd4 Rxc1 24.Rxc1 Rc8 25.Qe1 a5  1/2-1/2

[Event "Olympiad"]
[Site "Bled SLO"]
[Date "2002.11.04"]
[Round "9"]
[White "Banikas,H"]
[Black "Zarnicki,P"]
[Result "1/2-1/2"]
[WhiteElo "2520"]
[BlackElo "2499"]

1.d4 Nf6 2.c4 e6 3.Nf3 b6 4.a3 Bb7 5.Nc3 d5 6.Bg5 Be7 7.Qa4+ Qd7 8.Qxd7+ Nbxd7
9.Nb5 Bd8 10.cxd5 Nxd5 11.e4 N5f6 12.Rc1 Bxe4 13.Nxc7+ Bxc7 14.Rxc7 Nd5 15.Rc1 Bxf3
16.gxf3 h6 17.Bd2 Ke7 18.Ba6 Rad8 19.Ke2 Nb8 20.Bb7 Rd7 21.Bxd5 Rxd5 22.Rc7+ Rd7
23.Rhc1 Na6 24.R7c4 Rhd8 25.Be3 g5 26.h4 f6 27.hxg5 hxg5 28.a4 Rb8 29.Rh1 Nc7
30.Rc6 Rf8 31.b3 Rg8 32.Bc1 Kf7 33.Rh7+ Rg7 34.Rh8 Rg8 35.Rh7+ Rg7 36.Rh8 Rg8
37.Rh7+  1/2-1/2

[Event "Olympiad"]
[Site "Bled SLO"]
[Date "2002.11.04"]
[Round "9"]
[White "Santos,CP"]
[Black "Sammalvuo,T"]
[Result "0-1"]
[WhiteElo "2420"]
[BlackElo "2437"]

1.d4 Nf6 2.c4 e6 3.Nf3 b6 4.a3 Ba6 5.Qc2 Bb7 6.Nc3 c5 7.e4 cxd4 8.Nxd4 Nc6
9.Nxc6 Bxc6 10.Bf4 Bc5 11.Be2 O-O 12.e5 Nh5 13.Bxh5 Qh4 14.Bg3 Qxh5 15.Qd1 Qxd1+
16.Rxd1 Bxg2 17.Rg1 Bc6 18.Bh4 Rfc8 19.Bf6 Bf8 20.Rd4 g6 21.Rg3 a5 22.Ne2 Bg7
23.Rh4 Bxf6 24.exf6 a4 25.c5 Ra5 26.cxb6 Rb5 27.Rb4 Rxb4 28.axb4 Rb8 29.Nc3 Rxb6
30.Rg4 h5 31.Rc4 d5 32.Rc5 d4 33.Ne2 e5 34.f4 d3 35.Nc3 exf4 36.b5 Bd7 37.Rd5 Be6
38.Rxd3 Bc4 39.Rd4 Bxb5 40.Rxf4 Bd7 41.Rd4 Re6+ 42.Kd2 Bc6 43.Nxa4 Rxf6 44.Ke2 Re6+
45.Kd2 Rf6 46.Ke2 Bb5+ 47.Ke3 Re6+ 48.Kf3 Kg7 49.Nc3 Bc6+ 50.Kf2 g5 51.b4 Re5
52.Rd6 Be8 53.Nd5 Bb5 54.Nc7 f6 55.Rb6 Bc4 56.Rc6 Bd3 57.Rd6 Re2+ 58.Kf3 g4+
59.Kg3 Re3+ 60.Kf2 Rf3+ 61.Ke1 h4 62.Ne8+ Kf7 63.Nxf6 g3 64.hxg3 hxg3 65.Nd7 Rf1+
66.Kd2 g2  0-1

[Event "FSIM Nov"]
[Site "Budapest HUN"]
[Date "2002.11.05"]
[Round "4"]
[White "Alfred,N"]
[Black "Fucak,E"]
[Result "1/2-1/2"]
[WhiteElo "2251"]
[BlackElo "2322"]

1.d4 Nf6 2.c4 e6 3.Nf3 b6 4.a3 Bb7 5.Nc3 Bxf3 6.gxf3 g6 7.Bg5 Be7 8.Qd2 Nc6
9.e3 Na5 10.Rd1 Nh5 11.Bxe7 Qxe7 12.f4 O-O 13.b4 Nb7 14.Bg2 Rab8 15.c5 c6
16.O-O f5 17.Rc1 Nf6 18.Qd3 b5 19.a4 a6 20.axb5 axb5 21.Ra1 Ra8 22.Nxb5 Nd5
23.Bxd5 exd5 24.Nc3 Qh4 25.Qe2 g5 26.fxg5 Qxg5+ 27.Kh1 Kh8 28.f4 Qe7 29.Qf3 Rfe8
30.Rxa8 Rxa8 31.Rg1 Ra3 32.Qg3 Qf7 33.Nd1 Nd8 34.Nf2 Ne6 35.Nh3 Rb3 36.Ra1 h6
37.Qh4 Kh7 38.Ng5+ Nxg5 39.fxg5 h5 40.Qf4 Qe6 41.Qe5 Kg6 42.Qxe6+ dxe6 43.Ra6 Kxg5
44.Rxc6 Rxe3 45.b5 f4 46.Kg2 f3+ 47.Kf1 e5 48.dxe5 Rb3 49.Rf6 Rxb5 50.c6 Rc5
51.Kf2 d4 52.Kxf3 Rxe5 53.Rd6 Re3+ 54.Kf2 Rc3 55.Rxd4 Rxc6 56.h4+  1/2-1/2

[Event "Olympiad"]
[Site "Bled SLO"]
[Date "2002.11.08"]
[Round "13"]
[White "Krasenkow,M"]
[Black "Ljubojevic,L"]
[Result "0-1"]
[WhiteElo "2651"]
[BlackElo "2557"]

1.d4 Nf6 2.c4 e6 3.Nf3 b6 4.a3 Bb7 5.Nc3 d5 6.cxd5 exd5 7.g3 Be7 8.Qa4+ c6
9.Ne5 Ne4 10.Nxe4 dxe4 11.Bg2 b5 12.Qc2 f6 13.Ng4 f5 14.Ne3 g6 15.O-O Qxd4
16.Bd2 Rf8 17.Rfd1 Qe5 18.a4 Nd7 19.f3 Nc5 20.axb5 cxb5 21.b4 Na4 22.fxe4 Rc8
23.Qa2 Bxe4 24.Bxe4 Qxe4 25.Qd5 Qxd5 26.Nxd5 Bd8 27.Bh6 Rf7 28.e4 Nc3 29.Nxc3 Bb6+
30.Kh1 Rxc3 31.exf5 Rxf5 32.Re1+ Kd7 33.Rad1+ Kc6 34.Re7 Rc4 35.Bf4 Rxb4
36.Re6+ Kb7 37.Re7+ Ka6 38.Rxh7 Ra4 39.Rg7 Rf6 40.Rd6 Raxf4 41.Rxb6+ Kxb6  0-1

[Event "Tch-SWE 2002-3"]
[Site "Sweden SWE"]
[Date "2002.11.16"]
[Round "4"]
[White "Bator,R"]
[Black "Hellborg,T"]
[Result "1/2-1/2"]
[WhiteElo "2422"]
[BlackElo "2240"]

1.d4 Nf6 2.c4 e6 3.Nf3 b6 4.a3 Ba6 5.Qc2 Bb7 6.e3 c5 7.Be2 cxd4 8.exd4 Be7
9.O-O O-O 10.Bf4 Nc6 11.b4 Rc8 12.Qb3 Re8 13.Nc3 Bf8 14.Rfd1 d6 15.Rac1 Nb8
16.c5 Nd5 17.Nxd5 Bxd5 18.Bc4 bxc5 19.Bxd5 exd5 20.dxc5 dxc5 21.Rxd5 Qb6
22.Be3 Qe6 23.Ng5 c4 24.Qb1 Qg6 25.Qxg6 hxg6 26.Bxa7 Nc6 27.Be3 Ra8 28.b5 Ne5
29.h3 Rxa3 30.Bd4 Nd3 31.Rxc4 Rb3 32.Rd7 f6 33.Nf3 Rxb5 34.Bxf6 gxf6 35.Rxd3 Rb7
36.g4 Rbe7 37.Rc6 Re6 38.Rc7 R6e7 39.Rxe7 Rxe7 40.Kg2 Ra7 41.Rd8 Kf7 42.g5 Be7
43.Rd5 fxg5 44.Nxg5+ Bxg5 45.Rxg5 Ra2 46.Kg3 Ra7 47.Rb5 Kg7 48.Kg4 Rf7 49.f4 Ra7
50.h4 Rc7 51.Rg5 Kf6 52.Ra5 Rc6 53.h5 gxh5+ 54.Rxh5 Kg6 55.f5+ Kg7 56.Kg5 Rc1
57.f6+  1/2-1/2

[Event "TCh-FIN 2002-3"]
[Site "Finland FIN"]
[Date "2002.11.17"]
[Round "5"]
[White "Mertanen,J"]
[Black "Nevanlinna,R"]
[Result "0-1"]
[WhiteElo "2241"]
[BlackElo "2351"]

1.d4 e6 2.c4 Nf6 3.Nf3 b6 4.a3 Bb7 5.Nc3 d5 6.cxd5 Nxd5 7.Qa4+ c6 8.g3 Nxc3
9.bxc3 Nd7 10.Bg2 Be7 11.Bf4 O-O 12.O-O c5 13.Rfd1 Qc8 14.Bg5 Bxg5 15.Nxg5 Bxg2
16.Kxg2 Qb7+ 17.Nf3 Rac8 18.Kg1 Rc7 19.Ne5 b5 20.Qa5 cxd4 21.Nxd7 Rxd7 22.cxd4 Rc8
23.Rab1 a6 24.a4 Rb8 25.Rdc1 h5 26.axb5 axb5 27.Rc5 b4 28.Rxh5 Rxd4 29.Qa4 Qe4
30.Qa2 Rbd8 31.f3 Qe3+ 32.Kf1 g6 33.Rb5 Rd1+ 34.Rxd1 Rxd1+ 35.Kg2 Rg1+ 36.Kh3 Qh6+
37.Kg4 f5+  0-1

[Event "TCh-FIN 2002-3"]
[Site "Finland FIN"]
[Date "2002.11.17"]
[Round "5"]
[White "Yrjola,J"]
[Black "Salo,Ta"]
[Result "1/2-1/2"]
[WhiteElo "2422"]
[BlackElo "2309"]

1.d4 Nf6 2.c4 e6 3.Nf3 b6 4.a3 c5 5.d5 Ba6 6.Qc2 exd5 7.cxd5 g6 8.Nc3 Bg7
9.g3 O-O 10.Bg2 d6 11.O-O Re8 12.Re1 b5 13.e4 Nbd7 14.Bf1 Qb6 15.h3 b4 16.Na4 Qb7
17.Bxa6 Qxa6 18.axb4 cxb4 19.Bf4 Rac8 20.Qb1 Nh5 21.Be3 Qb5 22.g4  1/2-1/2

[Event "TCh-FIN 2002-3"]
[Site "Finland FIN"]
[Date "2002.11.17"]
[Round "5"]
[White "Kanko,I"]
[Black "Johansson,Ju"]
[Result "1-0"]
[WhiteElo "2263"]
[BlackElo "2127"]

1.d4 Nf6 2.c4 e6 3.Nf3 b6 4.a3 Bb7 5.Nc3 d5 6.cxd5 Nxd5 7.Qc2 Be7 8.Bd2 Nd7
9.e4 Nxc3 10.Bxc3 O-O 11.Rd1 Nf6 12.Bd3 h6 13.O-O Qc8 14.Qe2 Rd8 15.Ne5 Nd7
16.Ng4 Nf6 17.f4 c5 18.d5 Nxg4 19.Qxg4 Bf8 20.dxe6 fxe6 21.Bc4 Qc7 22.Qxe6+ Kh7
23.f5  1-0